Countries with “City” in their Capital’s Name - Statistics

General Stats
  • This quiz has been taken 42 times
    19 since last reset
  • The average score is 4 of 5
Answer Stats
Answer % Correct
Guatemala
88%
Kuwait
88%
Mexico
88%
Panama
82%
Vatican City
47%
No matching quizzes found
Score Distribution
Percent of People with Each Score
Percentile by Number Answered
Your Score History
You have not taken this quiz since the last reset